000 01103naa a22002897a 4500
001 BR8800503
003 BR-BrBNA
005 20250721154550.0
007 ta
008 250630b bl.|||m| |||| 00| 0 por d
040 _aBR-BrBNA
_bpor
_cBiblioteca Nacional de Agricultura
041 _a(Pt)
072 _aH60
_b3876
090 _aH60 BR8800503
100 1 _aBridi, G.L.
111 1 _aSeminario Herbicidas em Reflorestamento
_cPiracicaba, SP (Brazil)
_d1-3 Jul 1986
245 1 _aUso de herbicida em reflorestamento na Companhia Florestal Monte Dourado - JARI
500 _aAnais do Seminario Herbicidas em Reflorestamento Piracicaba, SP (Brasil): 1987. p. 77-91 (BR8800503-AMS)
773 0 _tAnais do Seminario Herbicidas em Reflorestamento
_wH60 BR8800503
_gPiracicaba, SP (Brasil), 1987. p. 77-91
650 _aERVA DANINHA
650 _aHERBICIDA
650 _aREFLORESTAMENTO
650 _aCONTROLE QUIMICO
490 _aSerie Tecnica - Instituto de Pesquisas e Estudos Florestais (Brazil)
_vv. 4(12)
_xISSN 0100-8137
942 _cAMS
_2AGRIS
909 _a202506
_bLúcia
_c55
_dLúcia Elande
999 _c335684
_d335684